V mé firmě převažují muži, kteří přede mnou mají respekt

Rozhovor s konateľkou a spoločníčkou firmy SG Teplice Metall, ktorá vybudovala stabilnú firmu v odvetví, v ktorom dominujú muži. Ako funguje dcérska firma nemeckej materskej spoločnosti. Motivácia zamestnancov. Dôvera nemeckého partnera. Názor na kvóty pre ženy-manažérky.

Salvato in:
Dettagli Bibliografici
Autore principale: Kejhová, Hana
Altri autori: Drmolová, Ivana
Natura: Capitolo di libro
Lingua:ceco
Soggetti:
Tags: Aggiungi Tag
Nessun Tag, puoi essere il primo ad aggiungerne!!

MARC

LEADER 00000naa a2200000 4500
001 0220862
005 20190807124522.0
041 0 |a cze 
044 |a CZ 
245 1 0 |a V mé firmě převažují muži, kteří přede mnou mají respekt  |c Hana Kejhová, Ivana Drmolová 
520 |a Rozhovor s konateľkou a spoločníčkou firmy SG Teplice Metall, ktorá vybudovala stabilnú firmu v odvetví, v ktorom dominujú muži. Ako funguje dcérska firma nemeckej materskej spoločnosti. Motivácia zamestnancov. Dôvera nemeckého partnera. Názor na kvóty pre ženy-manažérky. 
610 2 0 |a manažéri 
610 2 0 |a manažment 
610 2 0 |a ženy 
610 2 0 |a riadenie 
610 2 0 |a spoločnosti dcérske 
610 2 0 |a spoločnosti materské 
610 2 0 |a výroba 
610 2 0 |a priemysel strojársky 
610 2 0 |a Česko 
100 1 |a Kejhová, Hana 
700 1 |a Drmolová, Ivana